000 00223nam a2200097Ia 4500
008 190216s9999||||xx |||||||||||||| ||und||
100 _aNull
245 0 _aHindi-Aas Pass Jith Hamem
260 _bSaraswathi Press
942 _cBK
999 _c16972
_d16972